Регионална библиотека "Любен Каравелов" - Русе

Tocotronic [CD аудио] (Запис номер 216616)

MARC детайли
000 -Лидер
Контролно поле с фиксирана дължина 01034njm a2200325 c 4500
003 - Код на организацията, давaща контролен номер
Контролно поле BLK
005 - Дата и час на последна редакция
Контролно поле 20241211141549.0
008 - Елементи от данни с фиксирана дължина
fixed length control field 180410b bul||n||s|||||||| n|bulo|
010 ## - Наследен системен номер
LC control number CDD00000519000
040 ## - Източник на каталожния запис
Идентификатор на билиотеката - собственик на записа BLK
041 ## - Код за език
Код за езика на текст/звукозапис или на отделно заглавие Немски
Код за езика КДБФ Немски
080 ## - УДК
Текстов определител УДК Други видове песни. - Естрада, джаз. Стари градски. Рок-и попмузика. Чалга(поп-фолк)
УДК код - определител по УДК 784.7
УДК - код + определител 784.7
139 ## - Редно поле
Редна дума Tocotronic [CD аудио]
Авторски знак To - T 67
245 10 - Сведения за заглавието
Заглавие Tocotronic [CD аудио]
Подзаглавни данни 10 th Anniversary
Редно поле (дума) изп. Tocotronic.
257 ## - Страна на издаване
Страна на създаване/издаване Германия
260 ## - Област на издателските данни
Име на издателя, разпространителя и проч. Lado
Година на издаване 2004
300 ## - Физическа характеристика
Размери/Мащаб 12 cm.
Тип мерна единица бр. в к-т
Количество на мерната единица 1 CD
306 ## - Продължителност на изпълнението
Времетраене 78мин. 24сек.
380 ## - Жанр
Жанр Изкуство
650 #7 - Допълнително описание по предмет – тема
Основно описание – тема или топоним Рокмузика
Източник на редна или ключова дума
9 (RLIN) 169666
653 ## - Ключова дума – ненормативна
Ключова дума рокмузика
700 1# - Други автори (авторска отговорност)
Лично име Tocotronic
Автороска отговорност (Описва отношението между автора и произведението) изп.
9 (RLIN) 26329
852 ## - Местоположение
Форматна сигнатура Цб CD 1968
Част 0
856 4# - Електронен адрес и достъп
Електронен формат pdf - файл
Път до файла /url/
856 4# - Електронен адрес и достъп
Електронен формат pdf - файл
Път до файла /url/
942 ## - АРТИКУЛИ
Вид на библиотечния материал Компактдискове
Скрит в OPAC Не
944 ## - СЪЗДАВАНЕ И РЕДАКЦИЯ на ЗАПИСА
Създаване/Редакция Създаване
Дата на регистрацията/редакция 27.10.2008
Служител, извършил регистрацията/редакцията 30560
Статус, дата на статуса Геновева Генчева
944 ## - СЪЗДАВАНЕ И РЕДАКЦИЯ на ЗАПИСА
Създаване/Редакция Редакция
Дата на регистрацията/редакция 27.10.2008
999 ## - СИСТЕМНИ КОНТРОЛНИ НОМЕРА
Koha biblionumber 216616
Koha biblioitemnumber 216616
999 ## - СИСТЕМНИ КОНТРОЛНИ НОМЕРА
Koha biblioitemnumber 216616
Наличности
Код за отписване Код за изгубен артикул Източник на класификационната схема Код за повреда Коз за рестрикции Код за отдаване Артикулен № Име на библиотеката - собственик Име на библиотеката, в която се намира в момента Статус (Текущо местоположение) Дата на вписване в системата Местоположение - отдел Цена в лева Инвентарен номер Систематично азбучна сигнатура Баркод Номер на екземпляра Цена в евро Служебна бележка Служебен тип на артикула
  Не е изгубен Universal Decimal Classification Не е повреден без рестрикции заемане за дома 387985 Регионална библиотека "Любен Каравелов" Русе Регионална библиотека "Любен Каравелов" Русе Отдел Изкуство - подръчен фонд 2004-01-01 Отдел Изкуство - подръчен фонд 8.00 120000907857 78.036.9/T 67 120000907857 1 4.09 Дост: DA Вид: А Дата: 01.01.2004 Компактдискове
Vip Innovations Ltd, Rousse, Bulgaria 2025